003870000a22001210004500090001700000245008800017041001400105700003500119100003300154942001300187773004800200999001700248 aASbSeriadas10aFamilia Araneidae () en el departamento del Meta, Colombia0 aEspañol1 aBello Silva, Juan Carlos949581 aGilede Moncayo, Oscar999576 cARTICULO1 tBiota Colombiana31061h1q125-130d2000g1 c15346d15346